000 00576cam a2200241 4500
001 B3011
008 090401t1988 xxu||||| |||| 00| 0 eng d
035 _a(Sirsi) u53554
041 _aeng
050 _a711.1
100 _aMather, Graham
245 _aPricing for planning
260 _aLondon
_bInstitute of Economic Affairs
_c1988
300 _a12 leaves ; 30cm.
350 _a10
490 _aIEA Inquiry
_v3
650 _aCOMPENSATION
650 _aPAYMENTS
650 _aPLANNING GAIN
650 _aPLANNING PERMISSION
942 _n0
948 _c04/03/1997
999 _c93293
_d93293